| 000 | 00761cam a22002414a 4500 | ||
|---|---|---|---|
| 001 | 13212466 | ||
| 003 | ARRUPE | ||
| 005 | 20151007101615.0 | ||
| 008 | 030516s2003 gw 000 0 ger | ||
| 010 | _a 2003362022 | ||
| 020 | _a3446202617 | ||
| 035 | _a(GyWOH)har035004240 | ||
| 040 |
_aDLC _cDLC |
||
| 050 | 0 | 0 |
_aJZ1318 _b.S234 2003 |
| 100 | 1 |
_aSafranski, Rüdiger. _920118 |
|
| 245 | 1 | 0 |
_aWieviel Globalisierung verträgt der Mensch? / _cRüdiger Safranski. |
| 260 |
_aMünchen : _bC. Hanser, _cc2003. |
||
| 300 |
_a117p. ; _c21 cm. |
||
| 650 | 0 |
_aGlobalization _xPhilosophy. _920119 |
|
| 906 |
_a7 _bcbc _corigres _d2 _encip _f20 _gy-gencatlg |
||
| 942 |
_2lcc _cMONOGRAPH |
||
| 999 |
_c123468 _d123468 |
||